00595nam a22001937a 450000500170000001000150001702000120003203500140004403700130005808200150007124500640008625000090015026000420015927001090020130000260031050000190033670000270035570000190038220210817145709.0 aENG-129878 c1280.00 aEN-113410 bDBAD/PUB a382.091824 aIndo-Pacific:cedited by Nutan Kapoor Mahawar,Vijay Sakhuja a2021 aNew DelhibKnowledge Publisher c2020 bNew Delhia4233/1, First Floor, Ansari Rd, nea, Daryaganj,e 110002k91-1123263498mproduction@kwpub.com avii;161p.c22cm (hbk) aincludes index a Kapoor Mahawar, Nutan aSakhuja,Vijay